Psychotherapy for the treatment of substance abuse / (Record no. 20980)
[ view plain ]
| 000 -LEADER | |
|---|---|
| fixed length control field | 01194cam a22003015a 4500 |
| 001 - CONTROL NUMBER | |
| control field | 16250519 |
| 005 - DATE AND TIME OF LATEST TRANSACTION | |
| control field | 20151220114752.0 |
| 006 - FIXED-LENGTH DATA ELEMENTS--ADDITIONAL MATERIAL CHARACTERISTICS--GENERAL INFORMATION | |
| fixed length control field | m||||fq||d 00| 0 |
| 008 - FIXED-LENGTH DATA ELEMENTS--GENERAL INFORMATION | |
| fixed length control field | 100521t2011 vaua frb 001 0 eng d |
| 020 ## - INTERNATIONAL STANDARD BOOK NUMBER | |
| International Standard Book Number | 9781585623907 |
| 040 ## - CATALOGING SOURCE | |
| Original cataloging agency | DNLM/DLC |
| Language of cataloging | eng |
| Transcribing agency | DLC |
| Modifying agency | YDX |
| -- | NLM |
| -- | BTCTA |
| -- | YDXCP |
| -- | CDX |
| -- | DLC |
| -- | EG-ScBUE |
| 082 04 - DEWEY DECIMAL CLASSIFICATION NUMBER | |
| Classification number | 616.86 |
| Item number | PSY |
| Edition number | 22 |
| 245 00 - TITLE STATEMENT | |
| Title | Psychotherapy for the treatment of substance abuse / |
| Statement of responsibility, etc | edited by Marc Galanter, Herbert D. Kleber ; assistant editors Helen Dermatis. |
| 260 ## - PUBLICATION, DISTRIBUTION, ETC. (IMPRINT) | |
| Place of publication, distribution, etc | Arlington : |
| Name of publisher, distributor, etc | American Psychiatric Pub., |
| Date of publication, distribution, etc | c.2011. |
| 300 ## - PHYSICAL DESCRIPTION | |
| Extent | xxi, 405 p. : |
| Other physical details | ill. ; |
| Dimensions | 23 cm. + |
| Accompanying material | 1 DVD (sd., col. ; 4 3/4 in.) |
| 500 ## - GENERAL NOTE | |
| General note | Included DVD : Network therapy for alcohol and drug abuse. |
| 500 ## - GENERAL NOTE | |
| General note | Index : p. 375-405. |
| 504 ## - BIBLIOGRAPHY, ETC. NOTE | |
| Bibliography, etc | Includes bibliographical references. |
| 650 #0 - SUBJECT ADDED ENTRY--TOPICAL TERM | |
| Topical term or geographic name as entry element | Substance abuse |
| General subdivision | Treatment. |
| Source of heading or term | BUEsh |
| 650 #7 - SUBJECT ADDED ENTRY--TOPICAL TERM | |
| Topical term or geographic name as entry element | Psychotherapy. |
| Source of heading or term | BUEsh |
| 9 (RLIN) | 30634 |
| 653 ## - INDEX TERM--UNCONTROLLED | |
| Resource For college | Pharmacy |
| Arrived date list | October2015 |
| -- | December2015 |
| 655 ## - INDEX TERM--GENRE/FORM | |
| Form subdivision | Reading book |
| -- | 34232 |
| 700 1# - ADDED ENTRY--PERSONAL NAME | |
| Personal name | Galanter, Marc, |
| Relator term | editor. |
| 700 1# - ADDED ENTRY--PERSONAL NAME | |
| Personal name | Kleber, Herbert D., |
| Relator term | editor. |
| 700 1# - ADDED ENTRY--PERSONAL NAME | |
| Personal name | Dermatis, Helen, |
| Relator term | assistant editor. |
| 700 1# - ADDED ENTRY--PERSONAL NAME | |
| Personal name | McMahon, Caitlin, |
| Relator term | assistant editor. |
| 942 ## - ADDED ENTRY ELEMENTS (KOHA) | |
| Source of classification or shelving scheme | Dewey Decimal Classification |
| Call number prefix | 616.86 PSY |
| Withdrawn status | Item status | Source of classification or shelving scheme | Damaged status | Not for loan | Vendor | Home library | Current library | Shelving location | Date acquired | Source of acquisition | Total Checkouts | Full call number | Barcode | Date last seen | Koha item type |
|---|---|---|---|---|---|---|---|---|---|---|---|---|---|---|---|
| Dewey Decimal Classification | Baccah | Central Library | Central Library | First floor | 26/10/2015 | Purchase | 616.86 PSY | 000031116 | 15/07/2025 | Book - Borrowing | |||||
| Dewey Decimal Classification | Baccah | Central Library | Central Library | First floor | 26/10/2015 | Purchase | 616.86 PSY | 000031122 | 24/08/2022 | CD | DVD - With book | |||||
| Dewey Decimal Classification | Baccah | Central Library | Central Library | First floor | 20/12/2015 | Purchase | 616.86 PSY | 000031487 | 15/07/2025 | Book - Borrowing | |||||
| Dewey Decimal Classification | Baccah | Central Library | Central Library | First floor | 20/12/2015 | Purchase | 616.86 PSY | 000031486 | 15/07/2025 | Book - Borrowing | |||||
| Dewey Decimal Classification | Baccah | Central Library | Central Library | First floor | 20/12/2015 | Purchase | 616.86 PSY | 000031485 | 24/08/2022 | CD | DVD - With book | |||||
| Dewey Decimal Classification | Baccah | Central Library | Central Library | First floor | 20/12/2015 | Purchase | 616.86 PSY | 000031484 | 24/08/2022 | CD | DVD - With book |